| 000 | 00389 a2200109 4500 | ||
|---|---|---|---|
| 001 | ART_60218 | ||
| 005 | 20260410161812.0 | ||
| 008 | 260409a | ||
| 245 | 1 | 0 | _aReflexiones en torno a las reformas introducidas por el decreto 70/2023 en materia de sociedades |
| 100 | 1 | _aCamerini, Marcelo A. | |
| 773 | 0 |
_tDoctrina Societaria y Concursal _g- N° 434 (ene. 2024) _wREV4298 |
|
| 999 |
_c21601 _d21601 |
||